Aurelio Arcadio Carisio: un giurista tardoantico

Spremljeno u:
Bibliografski detalji
Glavni autor: Piacente, Daniele Vittorio (Autor)
Format: Knjiga
Jezik:talijanski
Izdano: Bari Edipuglia 2012
Izdanje:1a. ed
Serija:Biblioteca Tardoantica, 7
Teme:
Oznake: Dodaj oznaku
Bez oznaka, Budi prvi tko označuje ovaj zapis!

MARC

LEADER 00000cam a2200000 a 4500
001 UCD9312
003 CL-VaPUC
008 170616e20120000it |||||||||||||||||ita|d
020 |a 9788872286593 
082 0 4 |a 340.54  |b PIA  |2 21 
100 0 |a Piacente, Daniele Vittorio  |e author  |9 593019 
245 1 0 |a Aurelio Arcadio Carisio: un giurista tardoantico 
250 |a 1a. ed 
300 |a 163 p 
942 |c BK 
945 |d 20170616 21:05:00  |a dcastane 
260 |a Bari  |b Edipuglia  |c 2012 
650 0 |a Fuentes del derecho   |9 255162 
650 0 |a Derecho romano  |9 255930 
650 0 |a Biografías  |9 255210 
583 |a last modification  |c 20170616 21:05:00  |k Rodrigo Vera 
490 0 |a Biblioteca Tardoantica, 7 
999 |c 368542  |d 368540 
952 |0 0  |1 0  |3 erb  |4 0  |6 340_540000000000000_PIA_2012  |7 0  |8 A  |9 483896  |a FDOLAF  |b FDOLAF  |e Laffi, Umberto, 1939-  |i 5397456  |o 340.54 PIA 2012  |p 5397456  |r 2024-01-30  |w 2019-11-24  |y BK  |z Catalogado en:20170616  |k LAF